[Event "POL-chT3 Dolnoslaskie 1617"]
[Site "Poland"]
[Date "2017.02.05"]
[Round "7.18"]
[White "Kossobudzki, Robert"]
[Black "Skowronski, Wojciech"]
[Result "1-0"]
[WhiteElo "2065"]
[BlackElo "1571"]
[PlyCount "119"]
[EventDate "2016.10.16"]
[EventType "team-tourn"]
[EventRounds "11"]
[EventCountry "POL"]
[SourceTitle "EXT 2018"]
[Source "ChessBase"]
[SourceDate "2017.10.13"]
[SourceVersion "1"]
[SourceVersionDate "2017.10.13"]
[SourceQuality "1"]

1. Nf3 d5 2. b4 Nf6 3. Bb2 e6 4. a3 Be7 5. e3 0-0 6. d4 a5 7. b5 c5 8. c4 cxd4 9. exd4 dxc4 10. Bxc4 Nbd7 11. Nbd2 Nb6 12. Bd3 Bd7 13. Ne5 Be8 14. 0-0 Bd6 15. f4 Nbd5 16. Qe2 Rc8 17. Rf3 Qb6 18. Ndc4 Qd8 19. a4 Bb4 20. Raf1 Nc3 21. Qc2 Qxd4+ 22. Kh1 Nfe4 23. Bxe4 Qxe4 24. Rxc3 Qxc2 25. Rxc2 f6 26. Nf3 Bg6 27. Rcc1 Bd3 28. Nb6 Rc2 29. Rxc2 Bxc2 30. Rc1 Be4 31. Kg1 Bxf3 32. gxf3 Bd2 33. Rc3 Bxc3 34. Bxc3 Rd8 35. Kf2 Rd1 36. Bxa5 Ra1 37. Bb4 Ra2+ 38. Ke3 Rxh2 39. Bd2 Rh1 40. Bc3 Rc1 41. Kd2 Rf1 42. Kc2 h5 43. a5 h4 44. a6 bxa6 45. bxa6 h3 46. a7 h2 47. a8Q+ Kh7 48. Qe4+ Kh8 49. f5 h1Q 50. fxe6 Rxf3 51. Qa8+ Kh7 52. e7 Rf2+ 53. Kb3 Qb1+ 54. Kc4 Rf4+ 55. Kc5 Qg1+ 56. Kc6 Qh1+ 57. Kd6 Qxa8 58. Nxa8 Re4 59. Nc7 f5 60. Ne6 1-0

[Event "POL-chT3 Dolnoslaskie 1617"]
[Site "Poland"]
[Date "2016.11.27"]
[Round "3.8"]
[White "Kruczynski, Marek"]
[Black "Skowronski, Wojciech"]
[Result "0-1"]
[WhiteElo "1777"]
[BlackElo "1571"]
[PlyCount "70"]
[EventDate "2016.10.16"]
[EventType "team-tourn"]
[EventRounds "11"]
[EventCountry "POL"]
[SourceTitle "EXT 2018"]
[Source "ChessBase"]
[SourceDate "2017.10.13"]
[SourceVersion "1"]
[SourceVersionDate "2017.10.13"]
[SourceQuality "1"]

1. e4 e5 2. f4 Bc5 3. Nf3 d6 4. Bc4 Nf6 5. Nc3 0-0 6. d3 Ng4 7. Qe2 Bf2+ 8. Kd1 Bc5 9. Rf1 Nc6 10. h3 Nf6 11. f5 Na5 12. Bg5 Nxc4 13. dxc4 c6 14. g4 Re8 15. Bh4 Bd4 16. Nh2 Bxc3 17. g5 Nxe4 18. Qxe4 d5 19. cxd5 cxd5 20. Qd3 Bxb2 21. Rb1 e4 22. Qb3 Be5 23. Ng4 b6 24. Nxe5 Rxe5 25. f6 g6 26. Rg1 Bf5 27. Bg3 Re6 28. Be1 Rc8 29. Rg2 Rec6 30. Rb2 d4 31. h4 e3 32. a3 Be4 33. Rh2 Bf3+ 34. Kc1 d3 35. Kb1 d2 0-1